00726nam a2200181 a 450000100100000000500170001000800410002702000180006804000250008610000330011124500510014426000330019530000210022850000620024995201050031195201110041699900170052700004381120201002044959.0140506s2014 pn 000 0 spa d a9789962056928 aDO-SdBNPbspacBNPHU1 aGómez, Juan Antonio97165413aLa Novela de Remón. /cJuan Antonio Gómez. aPanamá, :bArticsa,c2014. a133 p. ;c21 cm. aIncluye datos biografícos del autor en la contraportada 001050718MOaGRbGRcCTd2014-05-06iLF1l0o p43811-10r2020-06-25w2020-06-25y1ZNo se presta 001050718MOaGRbGRcCTd2014-05-06iLF1l0o p43811-20r2020-06-25te. 2w2020-06-25y1ZNo se presta c43300d43300